<?xml version="1.0" encoding="UTF-8"?>
<record
    xmlns:xsi="http://www.w3.org/2001/XMLSchema-instance"
    xsi:schemaLocation="http://www.loc.gov/MARC21/slim http://www.loc.gov/standards/marcxml/schema/MARC21slim.xsd"
    xmlns="http://www.loc.gov/MARC21/slim">

  <leader>01083nam a22002537a 4500</leader>
  <datafield tag="010" ind1=" " ind2=" ">
    <subfield code="a">B-133523</subfield>
  </datafield>
  <datafield tag="020" ind1=" " ind2=" ">
    <subfield code="a">8123741820</subfield>
    <subfield code="c">40.00</subfield>
  </datafield>
  <datafield tag="035" ind1=" " ind2=" ">
    <subfield code="a">B-133523</subfield>
  </datafield>
  <datafield tag="037" ind1=" " ind2=" ">
    <subfield code="a">Cen Lib / Ret</subfield>
  </datafield>
  <datafield tag="040" ind1=" " ind2=" ">
    <subfield code="a">DPL</subfield>
    <subfield code="b">PN</subfield>
  </datafield>
  <datafield tag="082" ind1=" " ind2=" ">
    <subfield code="a">630</subfield>
    <subfield code="b">&#xA30;&#xA23;&#xA1C;&#xA40;</subfield>
  </datafield>
  <datafield tag="100" ind1=" " ind2=" ">
    <subfield code="a">&#xA30;&#xA23;&#xA1C;&#xA40;&#xA24; &#xA38;&#xA3F;&#xA70;&#xA18; </subfield>
    <subfield code="9">140748</subfield>
  </datafield>
  <datafield tag="245" ind1=" " ind2=" ">
    <subfield code="a">&#xA2A;&#xA70;&#xA1C;&#xA3E;&#xA2C; &#xA26;&#xA40;&#xA06;&#xA02; &#xA2B;&#xA3C;&#xA38;&#xA32;&#xA3E;&#xA02; /</subfield>
    <subfield code="c">&#xA30;&#xA23;&#xA1C;&#xA40;&#xA24; &#xA38;&#xA3F;&#xA70;&#xA18; </subfield>
  </datafield>
  <datafield tag="246" ind1=" " ind2=" ">
    <subfield code="a">Punjab diyan phasaln /</subfield>
    <subfield code="b">by Ranjeet Singh </subfield>
  </datafield>
  <datafield tag="260" ind1=" " ind2=" ">
    <subfield code="a"> &#xA28;&#xA35;&#xA40;&#xA02;  &#xA26;&#xA3F;&#xA71;&#xA32;&#xA40;</subfield>
    <subfield code="b">&#xA28;&#xA48;&#xA38;&#xA3C;&#xA28;&#xA32; &#xA2C;&#xA41;&#xA15; &#xA1F;&#xA30;&#xA71;&#xA38;&#xA1F; &#xA07;&#xA70;&#xA21;&#xA40;&#xA06;  </subfield>
    <subfield code="c">2004</subfield>
  </datafield>
  <datafield tag="270" ind1=" " ind2=" ">
    <subfield code="a">&#xA0F;-5, &#xA17;&#xA30;&#xA40;&#xA28; &#xA2A;&#xA3E;&#xA30;&#xA15;,</subfield>
    <subfield code="b"> &#xA28;&#xA35;&#xA40;&#xA02;  &#xA26;&#xA3F;&#xA71;&#xA32;&#xA40;</subfield>
    <subfield code="e">110016</subfield>
  </datafield>
  <datafield tag="300" ind1=" " ind2=" ">
    <subfield code="a">125p ; </subfield>
    <subfield code="b">24cm</subfield>
  </datafield>
  <datafield tag="490" ind1=" " ind2=" ">
    <subfield code="a">&#xA2A;&#xA70;&#xA1C;&#xA3E;&#xA2C;&#xA40; &#xA2A;&#xA4D;&#xA30;&#xA3E;&#xA1C;&#xA48;&#xA15;&#xA1F; &#xA2A;&#xA41;&#xA38;&#xA24;&#xA15;&#xA32;&#xA5C;&#xA40;</subfield>
    <subfield code="v">8</subfield>
  </datafield>
  <datafield tag="650" ind1=" " ind2=" ">
    <subfield code="a">Crops -- India -- Punjab. </subfield>
    <subfield code="9">132865</subfield>
  </datafield>
  <datafield tag="650" ind1=" " ind2=" ">
    <subfield code="a">&#xA2B;&#xA38;&#xA32; - &#xA2D;&#xA3E;&#xA30;&#xA24;  - &#xA2A;&#xA70;&#xA1C;&#xA3E;&#xA2C; </subfield>
    <subfield code="9">3572</subfield>
  </datafield>
  <datafield tag="650" ind1=" " ind2=" ">
    <subfield code="a">Agriculture -- India -- Punjab.</subfield>
    <subfield code="9">132866</subfield>
  </datafield>
  <datafield tag="650" ind1=" " ind2=" ">
    <subfield code="a">&#xA16;&#xA47;&#xA24;&#xA40;&#xA2C;&#xA3E;&#xA5C;&#xA40; - &#xA2D;&#xA3E;&#xA30;&#xA24;  - &#xA2A;&#xA70;&#xA1C;&#xA3E;&#xA2C; </subfield>
    <subfield code="9">3987</subfield>
  </datafield>
  <datafield tag="942" ind1=" " ind2=" ">
    <subfield code="2">ddc</subfield>
    <subfield code="c">PN</subfield>
    <subfield code="h">630</subfield>
    <subfield code="m">&#xA30;&#xA23;&#xA1C;&#xA40;</subfield>
  </datafield>
  <datafield tag="999" ind1=" " ind2=" ">
    <subfield code="c">111028</subfield>
    <subfield code="d">111028</subfield>
  </datafield>
  <datafield tag="952" ind1=" " ind2=" ">
    <subfield code="0">0</subfield>
    <subfield code="1">0</subfield>
    <subfield code="4">0</subfield>
    <subfield code="7">0</subfield>
    <subfield code="a">L</subfield>
    <subfield code="b">L</subfield>
    <subfield code="d">2016-02-11</subfield>
    <subfield code="e">Cen Lib/Ret</subfield>
    <subfield code="g">40.00</subfield>
    <subfield code="l">0</subfield>
    <subfield code="o">630 &#xA30;&#xA23;&#xA1C;&#xA40;</subfield>
    <subfield code="p">B-133523</subfield>
    <subfield code="r">2016-02-11 00:00:00</subfield>
    <subfield code="t">1</subfield>
    <subfield code="v">40.00</subfield>
    <subfield code="w">2016-02-11</subfield>
    <subfield code="y">PN</subfield>
  </datafield>
</record>
